[Event "FRA-chT2 Nord (Women)"]
[Site "France"]
[Date "2005.02.??"]
[Round "3"]
[White "Dubois, Emmanuelle"]
[Black "Colin, Stephanie"]
[Result "0-1"]
[WhiteElo "1460"]
[BlackElo "1740"]
[PlyCount "80"]
[EventDate "2005.03.01"]
[EventType "team"]
[EventRounds "3"]
[EventCountry "FRA"]
[SourceTitle "EXT 2007"]
[Source "ChessBase"]
[SourceDate "2006.11.23"]
[SourceVersion "1"]
[SourceVersionDate "2006.11.23"]
[SourceQuality "1"]

1. e4 e6 2. d4 d5 3. e5 c5 4. c3 Nc6 5. Nf3 Qb6 6. Be2 cxd4 7. cxd4 Nge7 8. b3 Nf5 9. Bb2 Bb4+ 10. Kf1 Be7 11. g3 Bd7 12. Kg2 Rc8 13. Re1 Nb4 14. Bd3 Nxd3 15. Qxd3 Bb4 16. Bc3 0-0 17. Bxb4 Qxb4 18. Qd2 Qxd2 19. Nbxd2 Rc2 20. Nf1 Rfc8 21. Ne3 Nxe3+ 22. Rxe3 Bb5 23. a4 Bd7 24. Ne1 R2c7 25. f4 Kf8 26. g4 Rc3 27. Rxc3 Rxc3 28. Rb1 Ke7 29. Nf3 a6 30. h4 b5 31. axb5 Bxb5 32. f5 Bd3 33. f6+ gxf6 34. exf6+ Kxf6 35. g5+ Kg7 36. Rb2 Be4 37. Rf2 Rxb3 38. Kg3 a5 39. Kf4 Rxf3+ 40. Rxf3 Bxf3 0-1